Fundamentals of complex analysis with applications to engineering and science / : (Record no. 166178)

MARC details
000 -LEADER
fixed length control field 00742nam a22002057a 4500
005 - DATE AND TIME OF LATEST TRANSACTION
control field 20190716112435.0
010 ## - LCCN (DPL NO)
LC control number ENG-125938
020 ## - INTERNATIONAL STANDARD BOOK NUMBER
International Standard Book Number 9789353434243
Terms of availability 549.00
035 ## - SYSTEM CONTROL NUMBER
System control number EN-109470
037 ## - SOURCE OF ACQUISITION
Source of stock number/acquisition DBAD/PUB
082 ## - DEWEY DECIMAL CLASSIFICATION NUMBER
Classification number 515
100 ## - MAIN ENTRY--PERSONAL NAME
Personal name Saff, S.B.
245 ## - TITLE STATEMENT
Title Fundamentals of complex analysis with applications to engineering and science / :
Statement of responsibility, etc by E.B.Saff [and] A.D.Snider
260 ## - PUBLICATION, DISTRIBUTION, ETC. (IMPRINT)
Place of publication, distribution, etc Noida
Name of publisher, distributor, etc Pearson India Education
Date of publication, distribution, etc 2019
270 ## - ADDRESS
Address 15th Floor, Tower-B, World Trade Tower, Plot No.I, Block-C, Sector 16
City Noida, Uttar Pradesh
Postal code 201301
Electronic mail address companysecretary.india@pearson.com
300 ## - PHYSICAL DESCRIPTION
Extent various paging.
Dimensions 23cm(pbk)
500 ## - GENERAL NOTE
General note Includes index
700 ## - ADDED ENTRY--PERSONAL NAME
Personal name Snider, A.D.
942 ## - ADDED ENTRY ELEMENTS (KOHA)
Source of classification or shelving scheme Dewey Decimal Classification
Item type English Books
Classification part 515
Call number suffix SAF
Holdings
Withdrawn status Lost status Not for loan Collection code Home library Current library Date acquired Source of acquisition Cost, normal purchase price Full call number Barcode Copy number Cost, replacement price Koha item type
      Non-fiction Ashok Vihar Ashok Vihar 16/07/2019 DBAD/PUB 549.00 515 SAF EN-109470 1 549.00 English Books

© Delhi Public Library
Hit Counter
free hit counter